000 00306nam a2200121Ia 4500
008 150201s2008 xx 000 0 und d
082 _a618.92
_bC08B
100 _aBERGELSON,JEFFRERY M
245 _aPEDIATRIC INFECTIOUS DIDEASES
260 _bELSEVIER
_aDELHI
_c2008
650 _aPAEDIATRICS
942 _2ddc
_cBK
999 _c962
_d962